000 00293nmm a2200097Ia 4500
008 220120s9999||||xx |||||||||||||||||und||
020 _a81-7808-235-7
100 _aDigit
245 0 _aJanuary 2011 : productivity suite for linux, adobe master su
260 _aNine dot nine interactive ltd.
_bDelhi
999 _c139646
_d139646